Nguyễn Hiếu tuyển tiểu thuyết T.3

Giới thiệu 3 tiểu thuyết của Nguyễn Hiếu: Những mảnh trần gian, Tây tây ta ta (2003), Trái tim nhiều màu (1992).

Đã lưu trong:
Bibliografiske detaljer
Hovedforfatter: Nguyễn, Hiếu
Format: Bog
Sprog:Undetermined
Udgivet: H. Hà Nội 2010
Fag:
Online adgang:http://lrc.tdmu.edu.vn/opac/search/detail.asp?aID=2&ID=14871
Tags: Tilføj Tag
Ingen Tags, Vær først til at tagge denne postø!
Thư viện lưu trữ: Trung tâm Học liệu Trường Đại học Thủ Dầu Một
LEADER 00903nam a2200217Ia 4500
001 TDMU_14871
008 210410s9999 xx 000 0 und d
082 |a 895.922 334 
090 |b NG527 
100 |a Nguyễn, Hiếu 
245 0 |a Nguyễn Hiếu tuyển tiểu thuyết 
245 0 |c Nguyễn Hiếu 
245 0 |n T.3 
260 |a H. 
260 |b Hà Nội 
260 |c 2010 
300 |a 772tr. 
520 |a Giới thiệu 3 tiểu thuyết của Nguyễn Hiếu: Những mảnh trần gian, Tây tây ta ta (2003), Trái tim nhiều màu (1992). 
650 |a Tiểu thuyết Việt Nam; Văn học Việt Nam  |y Thế kỷ 20  |x Tiểu thuyết; Văn học Việt Nam hiện đại 
856 |u http://lrc.tdmu.edu.vn/opac/search/detail.asp?aID=2&ID=14871 
980 |a Trung tâm Học liệu Trường Đại học Thủ Dầu Một